Hướng dẫn sử dụng Excel 2003

Tallennettuna:
Bibliografiset tiedot
Päätekijä: Trần Văn Minh
Aineistotyyppi: Kirja
Kieli:Undetermined
Julkaistu: H. Thống kê 2003
Aiheet:
Tagit: Lisää tagi
Ei tageja, Lisää ensimmäinen tagi!
Thư viện lưu trữ: Trung tâm Học liệu Trường Đại học Cần Thơ
LEADER 00518nam a2200193Ia 4500
001 CTU_59871
008 210402s9999 xx 000 0 und d
020 |b 52000 
082 |a 005.3 
082 |b M312 
100 |a Trần Văn Minh 
245 0 |a Hướng dẫn sử dụng Excel 2003 
245 0 |c Trần Văn Minh 
260 |a H. 
260 |b Thống kê 
260 |c 2003 
650 |a excel ( computer programs ) 
904 |i Minh 
980 |a Trung tâm Học liệu Trường Đại học Cần Thơ